| 000 | 00988nam a2200277 c 4500 | ||
|---|---|---|---|
| 003 | BLK | ||
| 005 | 20230331130341.0 | ||
| 008 | 180411b bul|||||r ||||||| ||bul|| | ||
| 010 | _aKNG00216637000 | ||
| 040 | _aBLK | ||
| 041 |
_aBUL _cBUL |
||
| 080 |
_aБългарска литература _b821.163.2 _x-2 _z821.163.2-2 |
||
| 100 | 1 |
_aТодоров, Петко Юрданов _eпърви автор _9364452 |
|
| 139 |
_aТодоров, Петко Юрданов _bТ 64 |
||
| 245 | 1 | 0 |
_aЗидари _cПетко Юрданов Тодоров. |
| 257 | _aBGR | ||
| 260 |
_аСофия _bЦентър за пропаганда и агитация _c1982 |
||
| 300 |
_a136 с. _c16 см |
||
| 380 | _aX | ||
| 500 | _aСезон 1981/1982 на Народен театър "Иван Вазов" | ||
| 852 | _aЦб I 19510 | ||
| 856 | 4 |
_qpdf _u |
|
| 856 | 4 |
_qpdf _u |
|
| 942 |
_cKNG _n0 _01 |
||
| 944 |
_aCR _c01.03.2018 _kТеодора_Стоянова |
||
| 944 |
_aED _c01.03.2018 _kТеодора_Стоянова |
||
| 999 |
_c206886 _d206886 |
||